000 00616cam a2200181 i 4500
020 _a9781119401384 (ePub)
020 _a9781119401414 (Adobe PDF)
082 0 0 _a624.1821
_bJOH
_cN-2,P-99
100 1 _aJohnson, R. P.
_942960
245 1 0 _aComposite structures of steel and concrete :
_bbeams, slabs, columns and frames for buildings /
_cRoger P Johnson, University of Warwick, UK.
250 _a3rd edition.
260 _a230 p.
526 _a0
_b0
_c0
_d624_182100000000000_JOH
650 0 _aBuilding, Iron and steel.
650 0 _aComposite construction.
650 0 _aConcrete construction.
942 _2ddc
_cBK
999 _c554291
_d554291